000 00341nam a2200133Ia 4500
008 231129s1974||||xx |||||||||||||| ||spa||
040 _bspa
082 _a947 P761g
100 _aPokshishevski V.
245 0 _aGeografia de la Union Sovietica : Naturaleza Poblacion Economia
260 _c1974
264 _aProgreso
942 _2ddc
_cBKS
999 _c14411
_d14411